Tipos de escrito IV: escritos comerciales

Guardat en:
Dades bibliogràfiques
Autor principal: Alvarez, Miriam (Autor)
Format: Llibre
Idioma:espanyol
Publicat: Madrid Arco Libros 1997
Col·lecció:Cuadernos de Lengua Española
Matèries:
Etiquetes: Afegir etiqueta
Sense etiquetes, Sigues el primer a etiquetar aquest registre!

MARC

LEADER 00000cam a2200000 a 4500
001 UCL0445
003 CL-VaPUC
008 030718e19970000SP |||||||||||||||||spa|d
020 |a 8476352514 
082 0 4 |a 401.41  |b ALV  |2 21 
100 0 |a Alvarez, Miriam  |e author  |9 477136 
245 1 0 |a Tipos de escrito IV: escritos comerciales 
300 |a 69 p 
942 |c BK 
945 |d 20030718 00:00:00  |a cmena 
260 |a Madrid  |b Arco Libros  |c 1997 
650 0 |a Análisis del discurso  |9 256696 
650 0 |a Redacción de textos  |9 446760 
650 0 |a Retórica   |9 266620 
583 |a last modification  |c 20130528 12:53:12  |k Rodrigo Vera 
490 0 |a Cuadernos de Lengua Española 
999 |c 304315  |d 304313 
952 |0 0  |1 0  |4 0  |6 401_410000000000000_ALV_1997  |7 0  |8 A  |9 366320  |a FDOPOS  |b FDOPOS  |d 2019-11-21  |i 3920321  |o 401.41 ALV 1997  |p 3920321  |r 2025-01-22  |w 2019-11-21  |y BK  |k MLA 
952 |0 0  |1 0  |4 0  |6 401_410000000000000_ALV_1997  |7 0  |8 A  |9 366321  |a BIBEDU  |b BIBEDU  |d 2019-11-21  |i 4974484  |o 401.41 ALV 1997  |p 4974484  |r 2019-11-21  |w 2019-11-21  |y BK  |k LIT